| 000 | 00359nam a2200145Ia 4500 | ||
|---|---|---|---|
| 003 | OSt | ||
| 008 | 191201s2005 xx 000 0 und d | ||
| 082 |
_a621.37 _bSIE |
||
| 100 | _aSINHA, Umesh | ||
| 245 | 0 | _aElectronic Measurements and Instrumentation | |
| 260 |
_aNew Delhi _bSatya Prakashan _c2005 |
||
| 300 | _a364 | ||
| 650 | _aB.Tech(ECE) | ||
| 942 |
_2ddc _cBK |
||
| 999 |
_c436 _d436 |
||